00400nam a2200121Ia 4500008004100000245008400041260003900125260000900164300000700173650002600180650001200206856006000218170516s9999 xx 000 0 und d aConventional videodefecography: Pathologic findings according to gender and age bEuropean Journal of Radiology Open c2014 a1: xRadiologic Technology xRadtech uhttp://www.sciencedirect.com/science/journal/23520477/1